Name the Kardashians - Statistics

General Stats
  • This quiz has been taken 189 times
  • The average score is 19 of 25
Answer Stats
Answer % Correct
Kim Kardashian West
100%
Khloe Kardashian
98%
Kris Jenner
97%
Kylie Jenner
97%
Kourtney Kardashian
96%
Kendall Jenner
94%
North
94%
Rob Kardashian
90%
Mason
86%
Penelope
86%
Saint
85%
Caitlyn Jenner
83%
Chicago
83%
Stormi
82%
Kanye West
81%
Scott Disick
81%
True
80%
Dream
76%
Reign
73%
Robert Kardashian
65%
Tristan Thompson
56%
Travis Scott
45%
Blac Chyna
34%
Tyga
24%
King Cairo
1%
No matching quizzes found
Score Distribution
Percent of People with Each Score
Percentile by Number Answered
Your Score History
You have not taken this quiz